Sozialwissenschaftlich-kriminologische Vorbehalte gegenüber der strafrechtsdogmatisch-kriminalpolitischen Aids-Diskussion

Saved in:  
Bibliographic Details
Main Author: Kreuzer, Arthur 1938- (Author)
Format: Print Article
Language:German
Published: 1990
In: Aids, Recht und Gesundheitspolitik
Year: 1990, Pages: 115-123
Check availability: HBZ Gateway
Keywords:

MARC

LEADER 00000caa a22000002c 4500
001 1525865714
003 DE-627
005 20220604104723.0
007 tu
008 160223s1990 xx ||||| 00| ||ger c
020 |a 3894046619 
035 |a (DE-627)1525865714 
035 |a (DE-576)45586571X 
035 |a (DE-599)BSZ45586571X 
040 |a DE-627  |b ger  |c DE-627  |e rakwb 
041 |a ger 
100 1 |a Kreuzer, Arthur  |d 1938-  |0 (DE-588)118152262  |0 (DE-627)079274315  |0 (DE-576)216086213  |4 aut 
109 |a Kreuzer, Arthur 1938- 
245 1 0 |a Sozialwissenschaftlich-kriminologische Vorbehalte gegenüber der strafrechtsdogmatisch-kriminalpolitischen Aids-Diskussion  |c Arthur Kreuzer 
264 1 |c 1990 
336 |a Text  |b txt  |2 rdacontent 
337 |a ohne Hilfsmittel zu benutzen  |b n  |2 rdamedia 
338 |a Band  |b nc  |2 rdacarrier 
773 0 8 |i In  |t Aids, Recht und Gesundheitspolitik  |d Berlin : Ed. Sigma Bohn, 1990  |g (1990), Seite 115-123  |h 334 S.  |w (DE-627)027446840  |w (DE-576)020813325  |z 3894046619  |7 nnam 
773 1 8 |g year:1990  |g pages:115-123 
935 |a mkri 
951 |a AR 
ELC |b 1 
LOK |0 000 xxxxxcx a22 zn 4500 
LOK |0 001 2899330349 
LOK |0 003 DE-627 
LOK |0 004 1525865714 
LOK |0 005 20160223095430 
LOK |0 008 160208||||||||||||||||ger||||||| 
LOK |0 040   |a DE-21-110  |c DE-627  |d DE-21-110 
LOK |0 689   |a s  |a Strafrecht 
LOK |0 689   |a s  |a AIDS 
LOK |0 852   |z Kein Bestand am IfK; Nachweis für KrimDok 
LOK |0 852   |a DE-21-110 
LOK |0 852 1  |m v  |9 00 
LOK |0 935   |a k110 
LOK |0 938   |k v 
LOK |0 939   |a 08-02-16  |b l01 
ORI |a SA-MARC-krimdoka001.raw